000 00458nam a22001697a 4500
003 MPLRDC
005 20220104143954.0
008 210129b ||||| |||| 00| 0 eng d
020 _a967-65-2124-8
082 _a524.931 LFS
100 _a廖富山.官纪光著
245 _aPMR华文模范作文和长文缩短
_c
260 _a
_bPENERBIT FAJAR BAKTI SDN BHD
_c1992
300 _b
650 _a中等教育--初中华文
942 _cBK
_o524.931 LFS
999 _c45158
_d45148